Statistics for Drinking Age by Country (Multiple Choice)

Click here to take the quiz!

General Stats

  • This quiz has been taken 56 times
  • The average score is 7 of 20

Answer Stats

QuestionAnswer% Correct
United States21
98%
AfghanistanDrinking is illegal for most citizens
75%
United Kingdom18
71%
Germany16
52%
Ireland18
52%
Mexico18
46%
Brazil18
38%
China18
31%
Finland18
31%
Russia18
31%
Canada (Majority of Provinces)19
31%
Spain16
29%
Japan20
27%
Nigeria18
21%
South Korea19
19%
Singapore18
17%
Cyprus17
15%
Iceland20
15%
Egypt18
12%
Oman21
10%

Score Distribution

Percentile by Number Answered

Percent of People with Each Score

Your Score History

You have not taken this quiz